1965 1768 1890 1018 1584 1538 1168 1070 1147 1974 1030 1389 1600 1950 1454 1264 1980 1918 1808 1352 1274 1107 1478 1317 1020 1801 1427 1281 1252 1061 1031 1124 1357 1880 1980 1558 1123 1696 1843 1226 1304 1915 1216 1759 1427 1174 1145 1469 1341 1669 1581 1574 1892 1305 1282 1598 1557 1318 1708 1241 1897 1592 1714 1545 1409 1375 1440 1694 1218 1065 1530 1087 1175 1860 1482 1016 1517 1421 1669 1286 1180 1067 1611 1953 1761 1330 1682 1378 1824 1740 1339 1685 1365 1087 1073 1111 1034 1875 1942 BCNSPRNW ULIB Ver.6.0+V

เปลี่ยนเป็นภาษาไทย

Change to English
 แสดงรายละเอียดบรรณานุกรม
  กลับหน้าหลัก

Brief Record : Get Marc (ISO 2709) : E-mail record : QR code < ปิดหน้าต่าง
LEADER : 00000nam 2200000uu 4500
001    13399127183
003     ULIB
008    191021s2561||||th 000 0 tha d
020 ^- ^a9786160034796
050 ^- ^aนว.^bณ149ห
100 ^- ^aณพรรษธ์สรฌ์.
245 10 ^aหวานร้ายละลายรัก /^cณพรรษธ์สรฌ์.
250 ^- ^aพิมพ์ครั้งที่ 1.
260 ^- ^aกรุงเทพฯ :^bบริษัทสถาพรบุ๊คส์ จำกัด,^c2561
300 ^- ^a327 หน้า.
945    ^p230^l0^i27875
999    ^aกัณชพร จุลอักษร
รายการนี้ยังไม่มีแท็ก
คุณยังไม่ได้ล็อกอิน คุณสามารถมีกิจกรรมร่วมกับเว็บไซต์ได้ แต่ต้องล็อกอินก่อน ::
  ล็อกอิน

รายการสื่อสารสนเทศ

ลำดับที่ ประเภท เลขเรียก/บาร์โค้ด สถานที่ สถานะ
1. วิทยาศาสตร์การแพทย์ และสุขภาพ
วิทยาศาสตร์การแพทย์ และสุขภาพ
นว. ณ149ห ฉ.1 
  Barcode: 27875
ห้องสมุดวิทยาเขตนครสวรรค์
►นวนิยาย:l:Fiction
บนชั้น

รายการใกล้เคียง
    ผู้แต่ง [ณพรรษธ์สรฌ์.]

BibComment


ยังไม่เคยถูกคอมเมนท์

คอมเมนท์ทรัพยากรรายการนี้
  คอมเมนท์: หวานร้ายละลายรัก..


 Copyright 2026. Bcnsprnw @Library